| 000 | 00351nam a22001337a 4500 | ||
|---|---|---|---|
| 008 | 170623b xxu||||| |||| 00| 0 eng d | ||
| 020 | _a9780791461037 | ||
| 041 | _aeng | ||
| 080 | _a32 | ||
| 100 | _a21 | ||
| 101 | _aSHP | ||
| 245 |
_aORAL ARGUMENTS AND DECISION MAKING ON THE UNITED STATES SUPREME COURT _cJOHNSON.I.R |
||
| 942 |
_2udc _cBK |
||
| 999 |
_c18978 _d18978 |
||